Loading...
| History - American History | 0 | 5 | 0 | 2 | 50 | 77 | 105.80 | 0 | 2 |
| History - European History | 0 | 4 | 2 | 0 | 30 | 52 | 74.50 | 2 | 2 |
| History - Other History | 0 | 3 | 1 | 0 | 25 | 50 | 62.33 | 1 | 2 |
| History - World History | 0 | 2 | 0 | 1 | 20 | 90 | 108.00 | 0 | 0 |
| Fine Arts - Other Fine Arts | 0 | 2 | 0 | 0 | 20 | 131 | 134.00 | 0 | 0 |
| Pop Culture | 0 | 1 | 0 | 0 | 10 | 69 | 69.00 | 0 | 1 |
| Religion | 0 | 1 | 0 | 0 | 10 | 113 | 113.00 | 0 | 0 |
| Science - Biology | 0 | 1 | 0 | 0 | 10 | 73 | 73.00 | 1 | 1 |
| Science - Other Science | 0 | 1 | 0 | 0 | 10 | 92 | 92.00 | 0 | 0 |
| Social Science | 0 | 1 | 0 | 0 | 10 | 137 | 137.00 | 0 | 0 |
| Geography/Current Events | 0 | 1 | 0 | 0 | 10 | 80 | 80.00 | 1 | 1 |
| Literature - American Literature | 0 | 1 | 0 | 0 | 10 | 58 | 58.00 | 0 | 1 |
| Literature - European Literature | 0 | 1 | 0 | 1 | 10 | 135 | 135.00 | 0 | 0 |
| Mythology | 0 | 1 | 0 | 0 | 10 | 90 | 90.00 | 1 | 1 |